| 000 | 01784cam a2200349 i 4500 | ||
|---|---|---|---|
| 001 | 19552478 | ||
| 003 | OSt | ||
| 005 | 20260316123116.0 | ||
| 008 | 170315s2017 ilu b 000 0 eng | ||
| 010 | _a 2017010363 | ||
| 020 |
_a9780830845057 _qprint : alk. paper |
||
| 035 | _a19552478 | ||
| 040 |
_aDLC _beng _cDLC _erda _dDLC |
||
| 042 | _apcc | ||
| 050 | 0 | 0 |
_aBT77 _b.S56 2017 |
| 082 | 0 | 0 |
_a230 _223 |
| 100 | 1 |
_aSire, James W., _eauthor. |
|
| 245 | 1 | 0 |
_aBeginning with God : _ba basic introduction to the Christian faith / _cJames W. Sire. |
| 250 | _aExpanded edition. | ||
| 264 | 1 |
_aDowners Grove, Illinois : _bIVP Books, an imprint of InterVarsity Press, _c[2017] |
|
| 300 |
_a189 pages ; _c18 cm |
||
| 336 |
_atext _btxt _2rdacontent |
||
| 337 |
_aunmediated _bn _2rdamedia |
||
| 338 |
_avolume _bnc _2rdacarrier |
||
| 504 | _aIncludes bibliographical references. | ||
| 505 | 0 | _aWhat's in a name? -- Beginning with God -- A name for God -- The God who is -- Man and woman: the image of God -- The bad news about human beings -- Sin from the inside out -- God in search of his people -- God's finished work -- New life in Christ -- A new lifestyle -- Jesus the Christ -- God's forever family. | |
| 650 | 0 |
_aTheology, Doctrinal _vPopular works. |
|
| 776 | 0 | 8 |
_iOnline version: _aSire, James W., author. _tBeginning with God _bExpanded Edition. _dDowners Grove : InterVarsity Press, 2017 _z9780830890965 _w(DLC) 2017016608 |
| 906 |
_a7 _bcbc _corignew _d1 _eecip _f20 _gy-gencatlg |
||
| 942 |
_2lcc _cBK |
||
| 999 |
_c21459 _d21458 |
||